|
|
|
|
| LEADER |
00000nam0a2200000 4500 |
| 001 |
683442 |
| 005 |
20251222142415.0 |
| 010 |
|
|
|a 978-5-17-162186-5
|
| 090 |
|
|
|a 683442
|
| 100 |
|
|
|a 20251126d2024 m||y0rusy50 ca
|
| 101 |
1 |
|
|a rus
|c bul
|
| 102 |
|
|
|a RU
|
| 105 |
|
|
|a a j 000yy
|
| 181 |
|
0 |
|a i
|b e
|
| 182 |
|
0 |
|a n
|
| 183 |
|
0 |
|a nc
|2 RDAcarrier
|
| 200 |
1 |
|
|a Python. Основы программирования
|e пер. с болг.
|f С. Наков, Б. Вальков, В. Петров [и др.]
|
| 203 |
|
|
|a Текст
|b визуальный
|c непосредственный
|
| 210 |
|
|
|a Москва
|c АСТ
|d 2024
|
| 215 |
|
|
|a 479 с.
|c ил.
|
| 225 |
1 |
|
|a Полный курс для начинающих программистов
|
| 283 |
|
|
|a volume
|2 RDAcarrier
|
| 330 |
|
|
|a Книга "Python. Основы программирования" знакомит читателя с написанием программного кода в среде разработки (IDE) на начальном уровне, то есть дает базовые навыки программирования. С ее помощью начинающий программист освоит использование переменных и данных, операторов и выражений, научится работать с консолью (считывание входных данных и вывод выходных данных), применять условные операторы, циклы и функции. И главное: основной упор в издании сделан на практических упражнениях. Небольшой объем пояснительного текста и большое количество примеров кода, дополненных множеством тщательно отобранных практических задач и судейской системой для мгновенной автоматической оценки написанного кода, помогут новичкам сделать первые уверенные шаги в программировании. Все примеры приводятся на Python — современном языке программирования общего назначения, который станет хорошим выбором для начинающих разработчиков программного обеспечения.
|
| 606 |
|
|
|a Python
|9 87977
|
| 610 |
1 |
|
|a программирование
|
| 610 |
1 |
|
|a простые вычисления
|
| 610 |
1 |
|
|a программы
|
| 610 |
1 |
|
|a программные коды
|
| 610 |
1 |
|
|a языки программирования
|
| 675 |
|
|
|a 004.432
|v 4
|
| 701 |
|
|
|a Наков
|b С.
|g Светлин
|
| 701 |
|
|
|a Вальков
|b Б.
|g Бончо
|
| 701 |
|
|
|a Петров
|b В.
|g Венцислав
|
| 701 |
|
|
|a Дамяновский
|b В.
|g Владимир
|
| 701 |
|
|
|a Илиев
|b И.
|g Илья
|
| 701 |
|
|
|a Даракчиев
|b Й.
|g Йордан
|
| 801 |
|
0 |
|a RU
|b 63413507
|c 20251201
|
| 942 |
|
|
|c BK
|